| 000 | 00664nam a22002171i 4500 | ||
|---|---|---|---|
| 001 | 44695 | ||
| 090 | _a44695 | ||
| 100 | _a20020702d1970 m y0pory500305 ba | ||
| 101 | 1 | _apor | |
| 102 | _aPT | ||
| 200 | 1 |
_aPrincípios fundamentais da história da Língua _fHermann Paul _gTraduçao de Maria Luisa Schemann |
|
| 210 | 9 |
_aLisboa _cFundaçao Calouste Gulbenkian _d1970 |
|
| 215 |
_a411, 3 p. _d24 cm |
||
| 300 | _aTiragem 2000 ex. | ||
| 304 | _aT. da o. orig. Prinzipien der Sprachgeschichte | ||
| 675 | _a80 | ||
| 700 | 1 |
_aPaul, _bHermann Otto Theodor, _f1846-1921 |
|
| 702 | 1 |
_aSchemann, _bLuiza, _f1934- _4730 |
|
| 801 | 0 |
_aPT _bBN _gRPC |
|
| 801 | 1 |
_aFR _bJOUVE _gRPC |
|
| 990 | _cLIVROS | ||